| 000 | 005560000a22001210004500 | ||
|---|---|---|---|
| 100 | 1 | _aHolguín Jaramillo, Catalina | |
| 245 | 1 | 0 | _aJuegos de disidencia: la encrucijada de los intelectuales chinos |
| 300 | _aNúmero 32 (Mayo, 2008), Páginas 16-17 | ||
| 500 | _aPolémica | ||
| 520 | _aEl 90% de los escritores y periodistas actualmente encarcelados han sido detenidos desde que se anunció en 2001 que Beijing sería la cuidad anfitriona de los Juegos Olímpicos. ¿Qué está pasando? | ||
| 773 | 0 | _tArcadia / Andrés Felipe Solano, Editor | |
| 942 | _cANA | ||
| 999 |
_c62507 _d62507 |
||